000
00535nam a2200181Ia 4500
008
090123s9999 xx 000 0 und d
082
_b
15353
100
_a
नंदा गुलशन
245
_a
लक्ष्मणरेखा
250
_a
1
260
_b
हिंद पॉकेट बुक्स
300
_a
234
600
_a
नंदा गुलशन
630
_a
लक्ष्मणरेखा
700
_a
नंदा गुलशन
730
_a
लक्ष्मणरेखा
942
_c
BOOK
999
_c
53414
_d
53414